Sonia, te envío los cuadernos café: apuntes de terapia gestáltica

Guardat en:
Dades bibliogràfiques
Autor principal: Schnake Silva, Adriana (Autor)
Format: Llibre
Idioma:espanyol
Publicat: Santiago Cuatro Vientos 2008
Edició:3a. ed
Matèries:
Etiquetes: Afegir etiqueta
Sense etiquetes, Sigues el primer a etiquetar aquest registre!

MARC

LEADER 00000nam a2200000 a 4500
001 UCI9640
003 CL-VaPUC
008 081128e20080000CL |||||||||||||||||spa|d
020 |a 9562420841 
082 0 4 |a 616.891  |b SCH  |2 21 
100 0 |a Schnake Silva, Adriana  |e author  |9 533491 
245 1 0 |a Sonia, te envío los cuadernos café: apuntes de terapia gestáltica 
250 |a 3a. ed 
300 |a 190 p 
942 |c BK 
945 |d 20081128 00:00:00  |a jtorresc 
260 |a Santiago  |b Cuatro Vientos  |c 2008 
650 0 |a Terapia gestáltica  |9 311001 
650 7 |a PSICOTERAPIA  |2 CL-VaPUC  |9 533492 
650 7 |a PSICOLOGIA GESTALTICA  |2 CL-VaPUC  |9 306251 
583 |a last modification  |c 20081128 00:00:00  |k Rodrigo Vera 
999 |c 332134  |d 332132 
952 |0 0  |1 0  |4 0  |6 616_891000000000000_SCH_2008  |7 0  |8 A  |9 419547  |a BIBEDU  |b BIBEDU  |d 2019-11-22  |i 4500857  |o 616.891 SCH 2008  |p 4500857  |r 2019-11-22  |w 2019-11-22  |y BK  |k PSI 
952 |0 0  |1 0  |4 0  |6 616_891000000000000_SCH_2008  |7 0  |8 A  |9 419548  |a BIBEDU  |b BIBEDU  |d 2019-11-22  |i 4500865  |o 616.891 SCH 2008  |p 4500865  |r 2019-11-22  |w 2019-11-22  |y BK  |k PSI